000 01447nam a2200349 4500
003 EC-UNACH
005 20250515163940.0
006 s||||gr|||| 00| 00
008 150116t9999 mx r gr 000 0 spa d
020 _a9978510044
040 _aEC-UNACH
_cEC-UNACH
041 _aspa
082 0 4 _223
_a300
_bL017772
110 _aCentro Andino de Acción Popular (CAAP)
245 _aLos Campesinos- Artesanos en la Sierra Central: El caso de Tungurahua
250 _aPrimera edición
264 _aQuito – Ecuador
_bCAAP
_c1994
300 _a194 páginas
_bCuadros,, Anexos
_c14,5 X 21 cm
505 _aSobre los campesinos-artesanos y el mercado interno. -- La conformación de la estructura agraria. -- Cambios y evolución de la artesanía. -- La dinámica demográfica de los campesinos-artesanos. -- Estrategias ocupaciones de los campesinos-artesanos. -- El minifundio productivo. -- Talleres artesanales y lógica productiva. -- Comercialización de los productos artesanales. -- El modelo "Tungurahua".
650 _aEVOLUCIÓN ARTESANAL
650 _aCRECIMIENTO POBLACIONAL
650 _aMANO DE OBRA
650 _aFUERZA DE TRABAJO
650 _aCAPACITACIÓNES
700 _aMartínez Valle, Luciano
942 _2ddc
_c1
999 _c13569